| 000 -LEADER |
| fixed length control field |
01161nam a2200253Ia 4500 |
| 001 - CONTROL NUMBER |
| control field |
9041 |
| 003 - CONTROL NUMBER IDENTIFIER |
| control field |
GE_BSU |
| 008 - FIXED-LENGTH DATA ELEMENTS--GENERAL INFORMATION |
| fixed length control field |
181216s||||||||xx |||||||||||||| ||und|| |
| 040 ## - CATALOGING SOURCE |
| Transcribing agency |
GE_BSU |
| 080 ## - UNIVERSAL DECIMAL CLASSIFICATION NUMBER |
| Universal Decimal Classification number |
821.353.1-4+636+331(479.22) |
| 100 ## - MAIN ENTRY--PERSONAL NAME |
| Personal name |
კობერიძე,კარლო |
| 245 ## - TITLE STATEMENT |
| Title |
შირაქის გზაზე მივდივარ |
| 245 ## - TITLE STATEMENT |
| Remainder of title |
ნარკვევი. |
| 245 ## - TITLE STATEMENT |
| Statement of responsibility, etc. |
რედ:არჩილ სულაკაური;მხატვ: ზ.ზედგინიძე |
| 260 ## - PUBLICATION, DISTRIBUTION, ETC. |
| Place of publication, distribution, etc. |
თბილისი |
| 260 ## - PUBLICATION, DISTRIBUTION, ETC. |
| Name of publisher, distributor, etc. |
ნაკადული |
| 260 ## - PUBLICATION, DISTRIBUTION, ETC. |
| Date of publication, distribution, etc. |
1974. |
| 300 ## - PHYSICAL DESCRIPTION |
| Extent |
74გვ;ილ.16სმ. |
| 653 ## - INDEX TERM--UNCONTROLLED |
| Uncontrolled term |
ნარკვევი სოციალისტურ შრომის გმირ შირაქელ მწველავ ზ. ალხანიშვილზე |
| 653 ## - INDEX TERM--UNCONTROLLED |
| Uncontrolled term |
ნარკვევი. |
| 653 ## - INDEX TERM--UNCONTROLLED |
| Uncontrolled term |
ქართველი მწველავები; ქართველი სოციალისტური შრომის გმირები; |
| 653 ## - INDEX TERM--UNCONTROLLED |
| Uncontrolled term |
შირაქის გზაზე მივდივარ |
| 942 ## - ADDED ENTRY ELEMENTS (KOHA) |
| Koha item type |
წიგნი |